000 00600nam a2200181Ia 4500
003 LDD
008 190117s9999 xx 000 0 und d
020 _c₹10
040 _cLDD
041 _ahi
082 _a8H8.702 म 7614
100 _aश्रीवास्तव, परमानन्द
245 0 _aमहादेवी
_cपरमानन्द श्रीवास्तव
260 _aइलाहाबाद
_bलोकभारती
_c1976
300 _avii,200प्र.
440 _aलोकभारती मुल्यांकन-माला
942 _2ddc
_cH
999 _c172323
_d172323